Score 0/40 Timer 10:00
0 Plays Today
% Correct
Claustrophobia
92%
Zoophobia
92%
Dentophobia
90%
Icthyophobia
88%
Papyrophobia
88%
Pyrophobia
88%
Acrophobia
86%
Hippomonstrosesquippedaliophobia
86%
Arachnophobia
84%
Cometophobia
84%
Heliophobia
84%
Numerophobia
82%
Hexakosioihexakontahexaphobia
80%
Microphobia
80%
Anglophobia
78%
Chronophobia
76%
Cyclophobia
76%
Hippophobia
76%
Coulrophobia
74%
Phobophobia
74%
% Correct
Nomatophobia
70%
Mnemophobia
68%
Paraskavedekatriaphobia
64%
Photophobia
64%
Xanthophobia
64%
Ophidiophobia
58%
Arachibutyrophobia
56%
Onomatophobia
54%
Chionophobia
48%
Pediophobia
48%
Emetophobia
46%
Leukophobia
46%
Suriphobia
38%
Lachanophobia
34%
Ostraconophobia
34%
Lygophobia
32%
Antlophobia
26%
Geniophobia
26%
Hormephobia
26%
Soceraphobia
26%
Remove Ads.
Support Sporcle.
Get the best of Sporcle when you Go Orange. This ad-free experience offers more features, more stats, and more fun while also helping to support Sporcle. Thank you for becoming a member.

You're not logged in!

Compare scores with friends on all Sporcle quizzes.
OR
Log In

Show Comments

Extras

Created Dec 27, 2013ReportNominate
Tags:fear, phobia

Top Quizzes Today


Score Distribution

Your Account Isn't Verified!

In order to create a playlist on Sporcle, you need to verify the email address you used during registration. Go to your Sporcle Settings to finish the process.

Report this User

Report this user for behavior that violates our Community Guidelines.

Details: